00840nam a2200181 a 450000100100000000500170001000800410002704000250006808200150009311001060010824500230021426001430023730000200038004900090040095201130040995201190052299900170064100002799920200930031251.0110406s19uu dr 000 0 spa d aDO-SdBNPbspacBNPHU axxxbR426r1 aRepública DominicanabSecretaría de Estado de Deportes, Educaión Física y Recreación95504810aReglas de Softbol. a[Santo Domingo] :bSecretaría de Estado de Deportes, Educaión Física y Recreación ;bFederación Dominicana de Softbol,c[19--?]. a53 p. ;c23 cm. aBNPD 0010718PDaPDbPDcCTd2011-04-06iLF1l0oxxx R426rp27999-10r2020-06-25w2020-06-25yLFPDZNo se presta 0010718PDaPDbPDcCTd2011-04-27iLF1l0oxxx R426rp27999-20r2020-06-25te. 2w2020-06-25yLFPDZNo se presta c27491d27491